000 01017nam a2200241Ia 4500
999 _c36925
_d36925
001 2876
003 GE_BSU
005 20190506103402.0
008 181216s2002||||ge |||||||||||||| ||geo||
040 _cGE_BSU
041 _ageo
080 _a658(075.8) +005(942.4) ტ–94
100 _aტუღუში,მირონ
_9727
245 _aმენეჯმენტის საფუძვლები :
_b(ლექციების კურსი) /
_cმირონ , ტუღუში ; ნაირა ყირიმლიშვილი ; რედ : ა. სომხიშვილი
264 _aთბილისი :.
_bთეუსი ,
_c2002.
300 _a246გვ ;
_c20სმ .
504 _aბიბლიოგრ.: გვ. 245
541 _h17 ლ.
653 _aმენეჯმენტი
700 _aყირიმლიშვილი , ნაირა
_9728
700 _aსომხიშვილი , ა
_eრედაქტორი
_9729
942 _cBK
_2udc